000 00719nam a2200265Ia 4500
005 20260302115637.0
008 008 260114s9999 xx 000 0 eng d
020 _a9798216193319
037 _aTextbook
040 _aCRL
040 _beng
040 _cCRL
041 _2eng
041 _aeng
084 _qCRL
100 _aJoseph Rosenblum
_91121984
245 4 _aThe Greenwood Companion to Shakespeare A Comprehensive Guide for Students [4 volumes]
260 _bBloomsbury
260 _bGreenwood
260 _c2005
650 _aLiterary Studies
856 _uhttps://doi.org/10.5040/9798216193319?locatt=label:secondary_bloomsburyCollections
942 _cEBOOK
999 _c1686963
_d1686963